000 01601nam a2200169Ia 4500
005 20250630125006.0
008 250630s9999 xx 000 0 und d
020 _a9781845115784
082 _a914.5311049
_bFRE
100 _aFreely, John
245 0 _aStrolling Through Venice
260 _bTauris Parke Paperbacks
_c2008
300 _a452 pages
500 _aThere is perhaps no other European city quite as romantic, as exquisitely beautiful or as enigmatic as Venice. 'La Serenissima' floats on a hundred islets in a crescent-shaped lagoon, ribboned with canals, its labyrinth shadowed with ghosts of the past. This seemingly fragile city was the birthplace and inspiration for some of the greatest artists in history and was also, for a thousand years, the strongest sea-faring and mercantile power in the world. In Strolling Through Venice, John Freely brings Venice - her past and her present - alive. Beginning at Piazza San Marco, Freely guides the reader on a series of carefully planned and unique walks radiating from the iconic Grand Canal into each of the city's sestieri. Through streets and squares, along canals, into churches, galleries, museums and palazzi; every major place of interest that the visitor could hope to see is illuminated. At each spot Freely peels back the layers of history to reveal the stories of Venice. Practical and informative, richly coloured and bursting with history, myth and legend, Strolling Through Venice is the perfect guide for anyone who has fallen under the spell of this most enchanting city.
650 _aArchitecture
942 _cENGLISH
999 _c574354
_d574354